Cette année-là: 1826 - Statistiques

Statistiques générales
  • Ce quiz a été pris 12 fois
  • Le résultat moyen est 3 sur 10
Statistiques - réponses
Indice Réponse % Correct
3 janvier: Ce général devient président de la nouvelle république de Bolivie (indice: capitale) Antonio José de Sucre
75%
20 janvier: Début de la commercialisation de cette eau de source. Evian
58%
14-15 juin: Massacre puis dissolution de ce corps d'élite turc. Jannissaires
50%
15 janvier: Création de ce journal par Etienne Arago et Maurice Alhoy Le Figaro
33%
23 avril: La prise de cette ville grecque inspirera un tableau dramatique à Delacroix. Missolonghi
33%
21 décembre: Les colons de cet Etat mexicain font une première insurrection infructueuse. Texas
33%
27 novembre: John Walker invente cette outil qui marche avec friction sur une surface rugueuse. Allumette
17%
Juin: Qu'est ce que le "Point de vue du Gras" Le plus ancien cliché photographique
17%
10 août: Stanislas Baudry crée "la Dame blanche" à Nantes, première compagnie de... Transports en commun
8%
1er juillet: Après avoir travaillé pour la Veuve-Cliquot, Kessler crée la première cave de ce vin en Allemagne. Vin mousseux
8%
Aucun quiz correspondant
Distribution des résultats
% des personnes avec chaque résultat
Percentile par nombre de réponses
Votre historique - résultats
Vous n’avez pas pris ce quiz